| 000 | 00000nam##2200000za#4500 |
| 001 | 9.695838 |
| 003 | CaOODSP |
| 005 | 20210624234746 |
| 007 | cr ||||||||||| |
| 008 | 150407|2000||||xxc|||||o f|0| 0 eng|d |
| 040 | |aCaOODSP|beng |
| 043 | |an-cn--- |
| 086 | 1 |aSE1-2/2000-1E-PDF |
| 110 | 1 |aCanada.|bElections Canada. |bChief Electoral Officer of Canada. |
| 245 | 10|aReport of the Chief Electoral Officer of Canada following the September 11, 2000 by-elections held in Kings-Hants and Okanagan-Coquihalla |h[electronic resource] |
| 260 | |aOttawa - Ontario : |bElections Canada. |c2000. |
| 300 | |a23p.|bfig., tables |
| 500 | |aThe catalogue number (SE1-2/2000-1) and ISBN (0-662-65278-9) for the bilingual print edition have been incorrectly copied in this electronic publication. |
| 590 | |a12-05-Supp|b2012-03-02 |
| 690 | 07|aBy-elections|2gcpds |
| 690 | 07|aElectoral system|2gcpds |
| 775 | 08|tRapport du directeur général des élections du Canada sur les élections partielles tenues le 11 septembre 2000 dans Kings-Hants et Okanagan-Coquihalla |w(CaOODSP)9.639935 |
| 776 | 0#|tReport of the Chief Electoral Officer of Canada following the September 11, 2000 by-elections held in Kings-Hants and Okanagan-Coquihalla.|w(CaOODSP)9.662233 |
| 776 | 0#|tRapport du directeur général des élections du Canada sur les élections partielles tenues le 11 septembre 2000 dans Kings-Hants et Okanagan-Coquihalla.|w(CaOODSP)9.662234 |
| 856 | 40|ahttp://publications.gc.ca|qPDF|s695 KB|uhttps://publications.gc.ca/collections/Collection/SE1-2-2000-1E.pdf |
| 986 | |aEC 94316 |